Statistics for English Football Hall of Fame

Click here to take the quiz!

General Stats

  • This quiz has been taken 22 times
  • The average score is 42 of 115

Answer Stats

Year InductedYears Active in EnglandPlayer% Correct
2008 (MF)1992-2003David Beckham
90%
2017 (MF)1995-2015Frank Lampard
90%
2002 (DF)1958-1977Bobby Moore
85%
2014 (FW)1996-2013Michael Owen
85%
2004 (FW)1988-2006Alan Shearer
80%
2008 (MF)1993-2013Paul Scholes
80%
2016 (DF)1995-2015Rio Ferdinand
80%
2017 (MF)1998-2016Steven Gerrard
80%
2002 (MF)1956-1975Bobby Charlton
75%
2003 (FW)1978-1992Gary Lineker
75%
2002 (FW)1963-1983George Best
75%
2005 (DF)1952-1973Jack Charlton
75%
2002 (FW)1968-1984Kevin Keegan
75%
2016 (GK)1982-2004David Seaman
70%
2009 (FW)1983-2008Teddy Sheringham
70%
2008 (FW)1999-2012Thierry Henry
70%
2002 (DF)1939-1959Billy Wright
65%
2007 (FW)1995-2006Dennis Bergkamp
65%
2002 (FW)1992-1997Eric Cantona
65%
2002 (GK)1958-1973Gordon Banks
65%
2005 (FW)1985-2000Ian Wright
65%
2005 (MF)1981-1999John Barnes
65%
2002 (GK)1966-1997Peter Shilton
65%
2005 (MF)1990-2014Ryan Giggs
65%
2014 (MF)1996-2011Patrick Vieira
60%
2008 (MF)1964-1984Emlyn Hughes
55%
2015 (DF)1993-2011Gary Neville
55%
2004 (FW)1958-1976Geoff Hurst
55%
2006 (FW)1978-1999Ian Rush
55%
2002 (FW)1957-1971Jimmy Greaves
55%
2007 (FW)1980-2002Mark Hughes
55%
2002 (MF)1985-2004Paul Gascoigne
55%
2003 (GK)1991-2003Peter Schmeichel
55%
2003 (MF)1962-1983Alan Ball
50%
2002 (MF)1975-1997Bryan Robson
50%
2002 (FW)1956-1974Denis Law
50%
2009 (DF)1956-1969George Cohen
50%
2004 (MF)1990-2005Roy Keane
50%
2002 (MF)1932-1965Stanley Matthews
50%
2004 (DF)1983-2002Tony Adams
50%
2006 (FW)1996-2003Gianfranco Zola
45%
2002 (FW)1977-1990Kenny Dalglish
45%
2013 (FW)1986-2002Matthew Le Tissier
45%
2007 (DF)1960-1975Nobby Stiles
45%
2006 (FW)1958-1972Roger Hunt
45%
2007 (MF)1975-1995Glenn Hoddle
40%
2006 (MF)1959-1981Martin Peters
40%
2007 (FW)1979-1999Peter Beardsley
40%
2010 (GK)1965-1988Ray Clemence
40%
2006 (DF)1977-1990Alan Hansen
35%
2005 (FW)
1925-1937Alex James
35%
2004 (MF)1960-1982Billy Bremner
35%
2017 (GK)1963-1974Bob Wilson
35%
2013 (FW)1952-1970Cliff Jones
35%
2008 (DF)1955-1971Ray Wilson
35%
2015 (DF)1983-2002Stuart Pearce
35%
2002 (FW)1946-1960Tom Finney
35%
2005 (MF)1963-1979Colin Bell
30%
2002 (FW)1923-1939Dixie Dean
30%
2007 (MF)1972-1984Graeme Souness
30%
2010 (MF)1959-1982Ian Callaghan
30%
2002 (FW)1949-1966John Charles
30%
2002 (FW)1946-1960Nat Lofthouse
30%
2013 (MF)1973-1997Ray Wilkins
30%
2010 (DF)1946-1955Alf Ramsey
25%
2003 (DF)1949-1964Danny Blanchflower
25%
2002 (MF)1953-1958Duncan Edwards
25%
2013 (MF)1965-1984Eddie Gray
25%
2010 (FW)1960-1976Francis Lee
25%
2006 (MF)1973-1990Liam Brady
25%
2015 (DF)1982-1998Paul McGrath
25%
2014 (FW)1970-1994Trevor Francis
25%
2015 (MF)1958-1972Alan Mullery
20%
2017 (DF)1903-1915Charlie Roberts
20%
2002 (DF)1959-1972Dave Mackay
20%
2016 (DF)1983-2004Denis Irwin
20%
2017 (MF)1988-2010Gary Speed
20%
2010 (MF)1959-1977Johnny Giles
20%
2016 (DF)1974-1988Mark Lawrenson
20%
2013 (MF)1959-1979Mike Summerbee
20%
2016 (GK)1979-2000Neville Southall
20%
2015 (DF)1962-1983Norman Hunter
20%
2003 (GK)1963-1985Pat Jennings
20%
2009 (MF)1966-1984Trevor Brooking
20%
2004 (DF)1974-1995Viv Anderson
20%
2017 (DF)1964-1988Billy Bonds
15%
2019 (FW)1977-1996Cyrille Regis
15%
2016 (MF)1984-1997Gordon Strachan
15%
2006 (FW)1943-1957Jackie Milburn
15%
2008 (DF)1954-1971Jimmy Armfield
15%
2002 (FW)1952-1970Johnny Haynes
15%
2016 (MF)1970-1986John Robertson
15%
2009 (MF)1978-1990Ossie Ardiles
15%
2003 (FW)1941-1958Stan Mortensen
15%
2007 (FW)1894-1924Billy Meredith
10%
2010 (FW)1911-1928Charlie Buchan
10%
2009 (DF)1956-1977Frank McLintock
10%
2015 (FW)1949-1968Ivor Allchurch
10%
2009 (FW)1940-1957Len Shackleton
10%
2008 (FW)1891-1914Steve Bloomer
10%
2003 (FW)1936-1955Tommy Lawton
10%
2004 (FW)1936-1956Wilf Mannion
10%
2005 (GK)1949-1964Bert Trautmann
5%
2016 (MF)1946-1961Billy Liddell
5%
2010 (FW)1910-1928Clem Stephenson
5%
2009 (MF)1928-1947Cliff Bastin
5%
2009 (GK)1932-1950Frank Swift
5%
2020 (FW)1978-1993Justin Fashanu
5%
2002 (FW)1933-1953Peter Doherty
5%
2003 (GK)1885-1902Arthur Wharton
0%
2015 (DF)1896-1919Bob Crompton
0%
2014 (FW)1925-1939Hughie Gallacher
0%
2014 (FW)1950-1968Jimmy Mcllroy
0%
2013 (FW)1931-1952Raich Carter
0%
2021 (MF)1908-1914Walter Tull
0%

Score Distribution

Percentile by Number Answered

Percent of People with Each Score

Your Score History

You have not taken this quiz